| 000 | 00443nam a2200181Ia 4500 | ||
|---|---|---|---|
| 005 | 20250423094625.0 | ||
| 008 | 250422s9999 xx 000 0 und d | ||
| 020 | _a9783031282317 | ||
| 050 | _aHD 9560.5 .B74/ | ||
| 100 | _aEdited by Adi Imsirovic | ||
| 245 | 0 | _aBrent Crude Oil | |
| 260 | _aSwitzerland | ||
| 260 | _bPalgrave Macmillan | ||
| 260 | _c2023 | ||
| 300 | _a139 p | ||
| 650 | _a Petroleum industry and trade. | ||
| 942 | _cBK | ||
| 999 |
_c27804 _d27804 |
||